| 000 | 00547 a2200193 4500 | ||
|---|---|---|---|
| 005 | 20260116162449.0 | ||
| 008 | 260115b |||||||| |||| 00| 0 eng d | ||
| 020 |
_a9789369678464 _cRs. 4895.00 |
||
| 040 | _aMAIN | ||
| 082 |
_a351.0072 _bR165S |
||
| 100 | _aRanjan, Kumud | ||
| 245 | _aStatistical analysis: For public administration | ||
| 260 |
_bScienticfic Books International _c2026 _aNew Delhi |
||
| 300 | _a278 | ||
| 650 | _aPublic Administration | ||
| 650 | _aResearch Methods | ||
| 650 | _aStatistical Methods | ||
| 942 | _cBK | ||
| 999 |
_c394504 _d394504 |
||